[Event "EU-ch U18"]
[Site "Vejen"]
[Date "1993.??.??"]
[Round "6"]
[White "Liiva, Riho"]
[Black "Kempinski, Robert"]
[Result "1-0"]
[WhiteElo "2360"]
[BlackElo "2370"]

1.e4 c5 2.Nf3 d6 3.Bb5+ Bd7 4.Bxd7+ Nxd7 5.O-O Ngf6 6.Qe2 e6 7.b3 Be7 8.Bb2 O-O
9.c4 Qc7 10.d4 cxd4 11.Nxd4 Rfe8 12.Nc3 a6 13.Rad1 Rad8 14.f4 Bf8 15.Kh1 e5
16.Nf5 g6 17.Ne3 exf4 18.Ncd5 Nxd5 19.Nxd5 Qc6 20.Rxf4 Bg7 21.Rdf1 f6 22.h3 b5
23.Qf2 bxc4 24.Rxf6 Ne5 25.Bxe5 Rxe5 26.Rf7 Rde8 27.Rc7  1-0

[Event "Velden op"]
[Site "Velden"]
[Date "1993.??.??"]
[Round "5"]
[White "Lendwai, Reinhard"]
[Black "Horvath, Csaba"]
[Result "1/2-1/2"]
[WhiteElo "2410"]
[BlackElo "2490"]

1.e4 c5 2.Nf3 d6 3.Bb5+ Nd7 4.O-O a6 5.Bxd7+ Bxd7 6.d4 cxd4 7.Qxd4 Nf6 8.c4 g6
9.Nc3 Bg7 10.Bg5 h6 11.Bh4 O-O 12.Qd2 Kh7 13.Rad1 Be6 14.b3 b5 15.cxb5 axb5
16.Bxf6 Bxf6 17.Nxb5 Qa5 18.Nfd4 Bxd4 19.Nxd4  1/2-1/2

[Event "Vicente Lopez op"]
[Site "Vicente Lopez"]
[Date "1993.??.??"]
[Round "7"]
[White "Ricardi, Pablo"]
[Black "Mendez, Ernesto"]
[Result "1-0"]
[WhiteElo "2480"]
[BlackElo "2385"]

1.e4 c5 2.Nf3 d6 3.Bb5+ Bd7 4.Bxd7+ Qxd7 5.O-O Nc6 6.c3 e6 7.d4 d5 8.exd5 Qxd5
9.Be3 Rd8 10.Qa4 cxd4 11.Nxd4 Ne7 12.Nb5 Qd7 13.N1a3 Nd5 14.Rad1 Bxa3 15.c4 Nxe3
16.Rxd7 Rxd7 17.Qxa3 Nxf1 18.Kxf1 Kd8 19.c5 a6 20.Nd6 Ke7 21.Qg3 g6 22.b4 Rhd8
23.Qh4+ Kf8 24.Qxh7 Rxd6 25.cxd6 Rxd6 26.g3 Rd5 27.Qh8+ Ke7 28.Qc8 Rd7 29.a4 Nd4
30.Kg2 Nc6 31.h4 Nd4 32.g4 e5 33.Qh8 Ke6 34.h5 gxh5 35.gxh5 Ne2 36.h6 Nf4+
37.Kh2 Ng6 38.Qe8+ Kd6 39.h7 Re7 40.Qg8  1-0

[Event "Vilnius zt"]
[Site "Vilnius"]
[Date "1993.??.??"]
[Round "?"]
[White "Novikov, Vitalij"]
[Black "Piesina, Gintautas"]
[Result "0-1"]
[WhiteElo "2270"]
[BlackElo "2395"]

1.e4 c5 2.Nf3 d6 3.Bb5+ Bd7 4.Bxd7+ Qxd7 5.O-O Nf6 6.Qe2 Nc6 7.c3 e6 8.d4 cxd4
9.cxd4 d5 10.e5 Ne4 11.Be3 Be7 12.Ne1 f6 13.f3 Ng5 14.Nd3 b6 15.Nd2 O-O 16.Bf2 Rac8
17.f4 Ne4 18.exf6 Bxf6 19.Nxe4 dxe4 20.Qxe4 Bxd4 21.Rad1 Qd5 22.Qxd5 exd5
23.g3 Bf6 24.Kg2 Na5 25.b3 Bc3 26.Nc1 Rfd8 27.Ne2 Bb4 28.Nd4 Nc6 29.Nxc6 Rxc6
30.Bd4 Rc2+ 31.Rf2 Rdc8 32.Rf1 Kf7 33.Rxc2 Rxc2+ 34.Rf2 Rc1 35.Re2 Rd1 36.Be5 a5
37.Kf3 d4 38.Ke4 d3 39.Rg2 d2  0-1

[Event "Vilnius zt"]
[Site "Vilnius"]
[Date "1993.??.??"]
[Round "?"]
[White "Lauk, Ular"]
[Black "Piesina, Gintautas"]
[Result "1/2-1/2"]
[WhiteElo "2410"]
[BlackElo "2395"]

1.e4 c5 2.Nf3 d6 3.Bb5+ Bd7 4.Bxd7+ Qxd7 5.c4 Nc6 6.O-O Nf6 7.Nc3 e6 8.d3 Be7
9.h3 O-O 10.Be3 a6  1/2-1/2

[Event "Vinkovci"]
[Site "Vinkovci"]
[Date "1993.??.??"]
[Round "10"]
[White "Smuk, Zelimir"]
[Black "Hulak, Krunoslav"]
[Result "0-1"]
[WhiteElo "2295"]
[BlackElo "2535"]

1.e4 c5 2.Nf3 d6 3.Bb5+ Nd7 4.d4 cxd4 5.Nxd4 Nf6 6.Nc3 e6 7.g4 a6 8.Bxd7+ Nxd7
9.g5 g6 10.h4 h6 11.Rg1 hxg5 12.Bxg5 Qb6 13.Qd2 Ne5 14.O-O-O Bd7 15.Qe2 Rc8
16.Rg3 Bg7 17.Nb3 Nc4 18.Nd5 Bxb2+ 19.Kb1 exd5 20.exd5+ Be5 21.Kc1 Qb4 22.Rdg1 Na3  0-1

[Event "Voskresensk"]
[Site "Voskresensk"]
[Date "1993.??.??"]
[Round "?"]
[White "Zaitsev, Igor A"]
[Black "Odeev, Handszar"]
[Result "1/2-1/2"]
[WhiteElo "2415"]
[BlackElo "2405"]

1.e4 c5 2.Nf3 d6 3.Bb5+ Bd7 4.Bxd7+ Qxd7 5.O-O Nc6 6.c3 e6 7.d4 d5 8.exd5 Qxd5
9.Qa4 Nf6 10.Bg5 Ne4 11.Be3 Be7 12.dxc5 Nxc5 13.Bxc5 Qxc5 14.Nbd2 O-O 15.Ne4 Qb6
16.Qc2 h6 17.Rfd1 Rad8 18.Qe2 Qc7 19.Rxd8 Rxd8 20.Rd1 e5 21.Rxd8+ Qxd8 22.Ng3 Qd5
23.h4 Qxa2 24.Nxe5 Qb1+ 25.Nf1 Nxe5 26.Qxe5 Bf8  1/2-1/2

[Event "Voskresensk2"]
[Site "Voskresensk"]
[Date "1993.??.??"]
[Round "?"]
[White "Margolin, Boris"]
[Black "Blodstein, Arkady"]
[Result "0-1"]
[WhiteElo "2415"]
[BlackElo "2370"]

1.e4 c5 2.Nf3 d6 3.Bb5+ Bd7 4.Bxd7+ Qxd7 5.O-O Nc6 6.c3 Nf6 7.d4 cxd4 8.cxd4 d5
9.e5 Ne4 10.Ne1 h6 11.Be3 e6 12.f3 Ng5 13.Nc3 Be7 14.Qd3 O-O-O 15.Rd1 f5
16.exf6 gxf6 17.f4 Nf7 18.f5 Nd6 19.fxe6 Qxe6 20.Bf4 Ne4 21.Nf3 Rhg8 22.g3 Bd6
23.Bxd6 Rxd6 24.Nh4 Rg5 25.Qf3 Ne7 26.Rde1 f5 27.Qf4 a6 28.Nf3 Rg8 29.Ne5 b6
30.Rc1 Kb7 31.Nxe4 dxe4 32.Nf7 Rd7 33.Nxh6 Rf8 34.Ng4 Ng6 35.d5 Qe8 36.Qh6 fxg4
37.Rxf8 Nxf8 38.Rf1 Rd8 39.Rf6 Nd7 40.Re6 Qf7 41.Qg5 Rf8 42.Qc1 Nc5  0-1

[Event "Voskresensk2"]
[Site "Voskresensk"]
[Date "1993.??.??"]
[Round "?"]
[White "Margolin, Boris"]
[Black "Gadjilu, Rauf"]
[Result "1/2-1/2"]
[WhiteElo "2415"]
[BlackElo "2335"]

1.e4 c5 2.Nf3 d6 3.Bb5+ Bd7 4.Bxd7+ Nxd7 5.O-O Ngf6 6.Qe2 e6 7.c3 Be7 8.d3 O-O
9.Nbd2 Rc8 10.Rd1 Qc7 11.Nf1 c4 12.d4 d5 13.e5 Ne4 14.Ne1 h6 15.f3 Ng5 16.Ng3 Nh7
17.f4 Bh4 18.Nh5 g6 19.Nf3 Be7 20.Ng3 h5 21.f5 h4 22.fxg6 fxg6 23.Nf1 g5
24.Ne3 Qd8 25.h3 Qe8 26.Ng4 Qh5 27.Be3 Rf7 28.Rf1 Qg6 29.Rf2 Rcf8 30.Raf1 Kg7
31.Qd1 b5 32.Qd2 a5 33.Qe1 Qe4 34.Qc1 Qg6 35.Bd2 Rf5 36.b3 R5f7 37.Qb1 Qxb1
38.Rxb1 Rb8 39.bxc4 bxc4 40.Rxb8 Nxb8 41.Rf1 Nc6 42.Rb1 Bd8 43.Rb5 Ra7 44.Ne3 Kg6
45.Ne1 Ra8 46.N1c2 Rb8 47.Rxb8 Nxb8 48.Na3 Nc6 49.Nb5 Nf8 50.Kf2 Nd7 51.Ke2 Nb6
52.Kd1 Ne7 53.Nd6 Nc6 54.Ng4 Be7 55.Nb5 Bd8  1/2-1/2

[Event "Warsaw op"]
[Site "Warsaw"]
[Date "1993.??.??"]
[Round "1"]
[White "Dworakowska, Joanna"]
[Black "Staniszewski, Piotr"]
[Result "0-1"]
[WhiteElo "2120"]
[BlackElo "2430"]

1.e4 c5 2.Nf3 d6 3.Bb5+ Bd7 4.Bxd7+ Qxd7 5.c4 e5 6.Nc3 g6 7.d3 Bg7 8.Be3 Nc6
9.O-O Nge7 10.Nd5 O-O 11.a3 f5 12.Rb1 h6 13.b4 f4 14.Bd2 g5 15.Qa4 g4 16.Nh4 Rad8
17.b5 Nd4 18.Qd1 Nxd5 19.cxd5 Bf6 20.Nf5 Nxf5 21.exf5 Qxf5 22.Bc3 f3 23.gxf3 gxf3
24.Kh1 Kh7 25.Rg1 Rg8 26.Rg3 Rxg3 27.fxg3 Rf8 28.Qc2 c4 29.Rd1 cxd3  0-1

[Event "Warsaw op"]
[Site "Warsaw"]
[Date "1993.??.??"]
[Round "2"]
[White "Zhurov, Sergey"]
[Black "Dukaczewski, Piotr"]
[Result "1-0"]
[WhiteElo "2240"]
[BlackElo "2220"]

1.e4 c5 2.Nf3 d6 3.Bb5+ Bd7 4.Bxd7+ Qxd7 5.O-O Nf6 6.Qe2 Nc6 7.c3 e5 8.d4 cxd4
9.cxd4 exd4 10.Rd1 Qg4 11.Nbd2 O-O-O 12.h3 Qh5 13.Nf1 Re8 14.Ng3 Qc5 15.Bg5 Kb8
16.Rac1 Qb6 17.Qc4 Be7 18.Nxd4 Ne5 19.Qb5 h6 20.Be3 Qxb5 21.Nxb5 Nc6 22.Bf4 g5
23.Bxd6+ Bxd6 24.Nxd6 Re7 25.f3 h5 26.Ngf5 Rd7 27.Ne3 g4 28.Kf2 gxh3 29.gxh3 h4
30.Ndf5 Rxd1 31.Rxd1 Nh5 32.Ng2 Ne5 33.Nfxh4 Rc8 34.Rd2 Rc1 35.Nf5 Nc4 36.Re2 Kc7
37.h4 Kd7 38.Ng3 Ng7 39.h5 Ne6 40.h6 Ng5 41.Nf4 Ke7 42.e5 Kf8 43.Nfh5 Kg8
44.b3 Na5 45.f4 Ne6 46.f5 Nd4 47.Re4 Ndc6 48.Nf6+ Kh8 49.Rg4  1-0

[Event "Warsaw op"]
[Site "Warsaw"]
[Date "1993.??.??"]
[Round "4"]
[White "Zhurov, Sergey"]
[Black "Malisauskas, Vidmantas"]
[Result "1/2-1/2"]
[WhiteElo "2240"]
[BlackElo "2570"]

1.e4 c5 2.Nf3 d6 3.Bb5+ Bd7 4.Bxd7+ Qxd7 5.O-O Nc6 6.c3 Nf6 7.Qe2 e6 8.d4 cxd4
9.cxd4 d5 10.e5 Ne4 11.Be3 Be7 12.Ne1 f5 13.f3 Ng5 14.Nd3 O-O 15.Qd2 Nf7
16.Nc3 g5 17.g3 Rac8 18.Rac1 Na5 19.b3 b6 20.Ne2 h6 21.Rxc8 Rxc8 22.Rc1 Rxc1+
23.Qxc1 Qc6 24.Qd2 Nb7 25.Kf2 b5 26.Qc3 Qxc3 27.Nxc3 a6 28.b4 Nfd8 29.a3 Nc6
30.Ke2 Kf7 31.Kd2 a5 32.Nxb5 axb4 33.axb4 Nxb4 34.Nxb4 Bxb4+ 35.Kc2 Na5 36.Bd2 Bxd2
37.Nd6+ Kg6 38.Kxd2 h5 39.Kc3 Nc6 40.Nb7 f4 41.gxf4 gxf4 42.Nc5 Kf5 43.Kd3 Nd8
44.Ke2 Kg6 45.Nd3 Kg5 46.Nc5 Kf5 47.Kd2 Nc6 48.Kd3 Na5 49.Kd2 Nc4+ 50.Kd3 Ne3
51.Ke2  1/2-1/2

[Event "Warsaw op"]
[Site "Warsaw"]
[Date "1993.??.??"]
[Round "5"]
[White "Dworakowska, Joanna"]
[Black "Deszczynski, Adam"]
[Result "1/2-1/2"]
[WhiteElo "2120"]
[BlackElo "2255"]

1.e4 c5 2.Nf3 d6 3.Bb5+ Bd7 4.Bxd7+ Qxd7 5.c4 Nc6 6.Nc3 Nf6 7.O-O e6 8.d4 cxd4
9.Nxd4 Be7 10.Be3 O-O 11.Rc1 Rfd8 12.Qf3 Rac8 13.b3 b6 14.Rfd1 Qb7 15.Nxc6 Qxc6
16.Bd4 a6 17.Qe3 Rb8 18.f3 Qb7 19.Qe2 Nd7 20.f4 b5 21.cxb5 axb5 22.f5 Ne5
23.fxe6 fxe6 24.Bxe5  1/2-1/2

[Event "Warsaw op"]
[Site "Warsaw"]
[Date "1993.??.??"]
[Round "6"]
[White "Khomyakov, Vladimir"]
[Black "Dukaczewski, Piotr"]
[Result "1-0"]
[WhiteElo "2350"]
[BlackElo "2220"]

1.e4 c5 2.Nf3 d6 3.Bb5+ Bd7 4.Bxd7+ Qxd7 5.c4 g6 6.d4 cxd4 7.Nxd4 Bg7 8.Nc3 Nc6
9.Nde2 Nf6 10.O-O O-O 11.f3 a6 12.a4 Na5 13.b3 e6 14.Ra2 Rfd8 15.Be3 Qe7
16.Rd2 Rd7 17.Qb1 d5 18.exd5 exd5 19.cxd5 Rc8 20.Bf2 b5 21.axb5 axb5 22.Nxb5 Qd8
23.Nec3 Re7 24.Rfd1 Nh5 25.Bd4 Bh6 26.Ra2 Ra8 27.Qa1 Bf4  1-0

[Event "Wiesbaden op"]
[Site "Wiesbaden"]
[Date "1993.??.??"]
[Round "8"]
[White "Doery, Jeno"]
[Black "Schnitzspan, Lothar"]
[Result "1/2-1/2"]
[WhiteElo "2320"]
[BlackElo "2295"]

1.e4 c5 2.Nf3 d6 3.Bb5+ Bd7 4.Bxd7+ Nxd7 5.O-O Ngf6 6.Re1 e6 7.c3 Be7 8.d4 O-O
9.e5 dxe5 10.dxe5 Nd5 11.Nbd2 b5 12.c4 bxc4 13.Nxc4 N7b6 14.Qe2 Rb8 15.b3 Nxc4
16.Qxc4 Nb4 17.Be3 Qd3 18.Qxd3 Nxd3 19.Red1 Rfd8 20.Rd2 Rd5 21.Rad1 Rbd8
22.Kf1 Nb4 23.Rc1 Rxd2 24.Bxd2 Nd3 25.Rc2 Rd5 26.Bc3 h5 27.g3 g5 28.h3 Kg7
29.Ne1 Nxe1 30.Kxe1 g4 31.hxg4 hxg4 32.Re2 Rd3 33.Bd2 Kg6 34.Re4 Rd4 35.Re2 Kf5
36.Be3 Rd5 37.Bf4 Bg5 38.Bxg5 Kxg5 39.Re4 Rd4 40.Re3 a5 41.Rc3 Re4+ 42.Kf1 Rxe5
43.Rc4 f5 44.Ra4 c4 45.Rxc4 Rd5 46.a4 e5 47.b4 axb4 48.Rxb4 Rd1+ 49.Ke2 Ra1
50.Rb5  1/2-1/2

[Event "Zagreb zt (Women)"]
[Site "Zagreb"]
[Date "1993.??.??"]
[Round "4"]
[White "Klinova, Masha"]
[Black "Dengler, Dijana"]
[Result "1-0"]
[WhiteElo "2215"]
[BlackElo "2060"]

1.e4 c5 2.Nf3 d6 3.Bb5+ Bd7 4.Bxd7+ Nxd7 5.c4 Ngf6 6.Nc3 e6 7.d4 cxd4 8.Nxd4 a6
9.b3 Be7 10.O-O O-O 11.Be3 Qc7 12.Rc1 Rad8 13.f3 Rfe8 14.Qd2 Bf8 15.Rfd1 b6
16.Qf2 Qb7 17.Nde2 Nc5 18.Nf4 h6 19.Rc2 Rc8 20.Qe2 Rc7 21.Nd3 Ncd7 22.Bf4 Nh5
23.Be3 Nhf6 24.Nb2 Rec8 25.Bf4 Ne5 26.a4 Nfd7 27.Rcc1 Rc6 28.Nd3 Nxd3 29.Qxd3 Ne5
30.Qe2 Qe7 31.Qf2 g6 32.h3 Qb7 33.Be3 Nd7 34.f4 Bg7 35.f5 Nf6 36.Bd4 e5 37.Be3 g5
38.Qf3 Kh7 39.Nd5 Rg8 40.Nb4 Bf8 41.Nxc6 Qxc6 42.g4 Be7 43.Bf2 Bd8 44.Re1 Bc7
45.Kg2 Qb7 46.Qd3 Qc8 47.Kf3 Kg7 48.Rh1 Kf8 49.h4 h5 50.hxg5 hxg4+ 51.Ke2 Nd7
52.Rh5 Qd8 53.Be3 Qa8 54.Rh7 Ke8 55.Rch1 b5 56.Rh8 Kf8 57.Rxg8+ Kxg8 58.cxb5 axb5
59.Rc1 Bd8 60.axb5 Qa2+ 61.Rc2 Qa5 62.Qxd6 Qxb5+ 63.Qd3 Qxd3+ 64.Kxd3 Kf8
65.Rc8  1-0

[Event "Zuerich op"]
[Site "Zuerich"]
[Date "1993.??.??"]
[Round "?"]
[White "Georg, Michel"]
[Black "Habibi, Ali"]
[Result "0-1"]
[WhiteElo "2225"]
[BlackElo "2310"]

1.e4 c5 2.Nf3 d6 3.Bb5+ Nd7 4.O-O Nf6 5.Re1 a6 6.Bf1 Qc7 7.a4 b6 8.Nc3 Bb7
9.d4 cxd4 10.Nxd4 e6 11.f3 Be7 12.Be3 O-O 13.Qd2 Rfe8 14.Rad1 Ne5 15.Nb3 Nfd7
16.Qf2 Rab8 17.Qg3 Ng6 18.Bg5 Bf8 19.h4 h5 20.f4 d5 21.Be2 Nc5 22.Nd4 Nxe4
23.Nxe4 dxe4 24.Bxh5 e5 25.fxe5 Qxe5 26.Qe3 Bd6 27.Qh3 Bc8 28.Bg4 Bc5 29.Be3 Nf4
30.Bxf4 Qxf4 31.Bxc8 Rbxc8 32.Rf1 Qe5 33.c3 e3 34.Ne2 Rcd8 35.Rd7 Rxd7 36.Qxd7 Rf8
37.Qd3 a5 38.Rf5 Qe7 39.h5 Rd8 40.Rd5 Rxd5 41.Qxd5 Qh4 42.g3 Qxa4 43.b3 Qa1+
44.Kg2 Qe1 45.Qf3 Qb1 46.Qa8+ Kh7 47.Qd5 Qc2 48.Kf3 Kg8 49.g4 Qd2 50.Qa8+ Bf8
51.Qe4 Qd1 52.Qxe3 Qxb3 53.Nd4 Qd1+ 54.Kf4 Qf1+ 55.Kg3 Bd6+ 56.Kh4 Qf6+ 57.Kh3 Qe5
58.Qg1 a4  0-1

[Event "BRA-ch"]
[Site "Brasilia"]
[Date "1994.01.??"]
[Round "5"]
[White "Matsuura, Everaldo"]
[Black "Disconzi da Silva, Rodrigo"]
[Result "0-1"]
[WhiteElo "2345"]
[BlackElo "2360"]

1.e4 c5 2.Nf3 d6 3.Bb5+ Nd7 4.O-O Nf6 5.Re1 a6 6.Bf1 b6 7.d4 cxd4 8.Qxd4 e6
9.Nc3 Be7 10.Bg5 O-O 11.Rad1 Bb7 12.Bh4 Qc7 13.Bg3 e5 14.Qc4 Rac8 15.Qxc7 Rxc7
16.Bh4 Rfc8 17.Bd3 Kf8 18.Nb1 Nc5 19.Bxf6 Bxf6 20.c3 Nxd3 21.Rxd3 Rd8 22.Nbd2 b5
23.b3 Be7 24.g4 f6 25.c4 Bc8 26.h3 Be6 27.cxb5 axb5 28.Nf1 d5 29.exd5 Rxd5
30.Rxd5 Bxd5 31.N3d2 Rc2 32.a4 bxa4 33.bxa4 Ra2 34.Rb1 Rxa4 35.Ne3 Be6 36.Rb8+ Kf7
37.Rb7 Rd4 38.Nf3 Rd7 39.Rxd7 Bxd7 40.Kf1 Bc5 41.Kg1 h5 42.Nh2 Kg6 43.Kg2 Bc6+
44.Kg3 Be4 45.Kh4 Kh6 46.Kg3 Bb6 47.Nhf1 Ba5 48.Ng2 g6 49.f3 Bd3 50.Nfe3 Bd2
51.Nd5 f5 52.gxf5 gxf5 53.f4 Be4  0-1

[Event "BRA-ch"]
[Site "Brasilia"]
[Date "1994.01.??"]
[Round "7"]
[White "Matsuura, Everaldo"]
[Black "Leitao, Rafael"]
[Result "1/2-1/2"]
[WhiteElo "2345"]
[BlackElo "2315"]

1.e4 c5 2.Nf3 d6 3.Bb5+ Nc6 4.O-O Bd7 5.Re1 Nf6 6.c3 a6 7.Bf1 Bg4 8.d3 e6
9.Nbd2 Be7 10.h3 Bh5 11.Qc2 d5 12.g3 O-O 13.Bg2 Rc8 14.g4 Bg6 15.Nh4 dxe4
16.Nxg6 hxg6 17.dxe4 Qc7 18.Nf3 Bd6 19.Be3 Nd7 20.Rad1 Rfd8 21.Qe2 Bf4 22.Ng5 Nf8
23.Nf3 Nd7 24.Ng5 Nf8 25.Nf3 Nd7  1/2-1/2

[Event "BRA-ch"]
[Site "Brasilia"]
[Date "1994.01.??"]
[Round "8"]
[White "Pelikian, Jefferson"]
[Black "Vescovi, Giovanni"]
[Result "0-1"]
[WhiteElo "2295"]
[BlackElo "2430"]

1.e4 c5 2.Nf3 d6 3.Bb5+ Bd7 4.Bxd7+ Qxd7 5.O-O Nc6 6.Re1 Nf6 7.c3 e6 8.d4 cxd4
9.cxd4 d5 10.e5 Ne4 11.Nbd2 Nxd2 12.Bxd2 Be7 13.Bg5 O-O 14.a3 Rfc8 15.Qd3 Qd8
16.Bd2 Qb6 17.Bc3 Na5 18.Nd2 Nb3 19.Nxb3 Qxb3 20.Re3 Qc4 21.Qd1 b5 22.Rh3 Bf8
23.Qh5 h6 24.Rg3 g6 25.Re1 a5 26.Qh4 Bg7 27.Bd2 h5 28.h3 Qc2 29.Bc1 Ra7 30.Rf3 Qb1
31.Rc3 Raa8 32.g4 b4 33.Rxc8+ Rxc8 34.Qg5 hxg4 35.hxg4 b3 36.Kg2 Bf8 37.Rh1 Qe4+
38.Kg1 Qe1+ 39.Kg2 Qe4+ 40.Kh2 Qxd4 41.Be3 Qxb2 42.Kg2 Bg7 43.Rc1 Rxc1 44.Qd8+ Bf8
45.Bh6 Qxa3  0-1

[Event "Aberdeen op"]
[Site "Aberdeen"]
[Date "1994.??.??"]
[Round "6"]
[White "Mah, Karl"]
[Black "George, Andrew"]
[Result "1-0"]
[WhiteElo "2145"]
[BlackElo "2055"]

1.e4 c5 2.Nf3 d6 3.Bb5+ Bd7 4.Bxd7+ Qxd7 5.O-O Nf6 6.Qe2 Nc6 7.c3 e5 8.Rd1 g6
9.d4 Qg4 10.d5 Ne7 11.Nbd2 Bg7 12.b4 cxb4 13.Qb5+ Qd7 14.Qxb4 O-O 15.Ba3 Nc8
16.Re1 a5 17.Qb3 Rd8 18.Rab1 Rb8 19.Nc4 Qc7 20.Qa4 Ra8 21.Nfd2 Nd7 22.Qb5 Ra7
23.Nb3 b6 24.Bc1 Ne7 25.Be3 Rc8 26.Nxb6 Rb8 27.Qxd7 a4 28.Qxc7 Rxc7 29.Nxa4 Ra8
30.Nb6 Rxa2 31.c4 f5 32.c5 Nc8 33.Nxc8 Rxc8 34.f3 dxc5 35.Nxc5 Bf8 36.Rec1 f4
37.Bf2 Rca8 38.Ne6 Bd6 39.Bc5 Bxc5+ 40.Rxc5 Rd2 41.Rc7  1-0

[Event "Acasusso Valle op"]
[Site "Acasusso"]
[Date "1994.??.??"]
[Round "2"]
[White "Rivero, Jose Luis"]
[Black "Quinteros, Miguel A"]
[Result "0-1"]
[WhiteElo "2160"]
[BlackElo "2510"]

1.e4 c5 2.Nf3 d6 3.Bb5+ Nd7 4.c3 Nf6 5.Qe2 a6 6.Ba4 g6 7.d4 b5 8.Bc2 e5 9.a4 Bb7
10.Nbd2 Qb6 11.O-O Bg7 12.a5 Qc7 13.d5 c4 14.Rd1 Nc5 15.Nf1 Bc8 16.Be3 Ng4
17.Bxc5 Qxc5 18.h3 Nf6 19.g4 h5 20.g5 Nd7 21.Qe3 Qc7 22.b3 cxb3 23.Bxb3 Nc5
24.N3d2 Bd7 25.c4 O-O 26.Rdc1 Rfb8 27.Bd1 Qd8 28.Be2 f6 29.h4 fxg5 30.hxg5 Qe7
31.Nf3 bxc4 32.Bxc4 Rf8 33.N1d2 Rf4 34.Qxc5 dxc5 35.d6+ Qf7 36.Bxf7+ Kxf7
37.Rxc5 Ke6 38.Rac1 Bb5 39.Rd5 Rxe4 40.Nxe4 Kxd5 41.Nfd2 Bf8 42.Rc7 Rd8 43.Rf7 Bd3
44.f3 Bxd6 45.Rf6 Bb4  0-1

[Event "Cseppko op"]
[Site "Aggtelek"]
[Date "1994.??.??"]
[Round "2"]
[White "Horvath, Imre"]
[Black "Dekany, Lajos"]
[Result "1/2-1/2"]
[WhiteElo "2390"]
[BlackElo "2230"]

1.e4 c5 2.Nf3 d6 3.Bb5+ Nd7 4.d4 cxd4 5.Qxd4 a6 6.Bxd7+ Bxd7 7.c4 e6 8.Nc3 Rc8
9.Bg5 Qc7 10.Nd2 Qc5 11.Be3 Qxd4 12.Bxd4 Ne7 13.Nd1 Nc6 14.Bc3 Ne5 15.Bxe5 dxe5
16.O-O b5 17.Ne3 f5 18.exf5 exf5 19.cxb5 axb5 20.Rac1 Bd6 21.Nb3 f4 22.Nd5 Kf7
23.Rxc8 Bxc8 24.Nc3 b4 25.Ne4 Be7 26.Rd1 Be6 27.Nbc5  1/2-1/2

[Event "Akureyri"]
[Site "Akureyri"]
[Date "1994.??.??"]
[Round "?"]
[White "Thorhallsson, Throstur"]
[Black "Jonsson, Bjorgvin"]
[Result "1-0"]
[WhiteElo "2470"]
[BlackElo "2380"]

1.e4 c5 2.Nf3 d6 3.Bb5+ Bd7 4.Bxd7+ Nxd7 5.O-O Ngf6 6.Re1 e6 7.d4 cxd4 8.Nxd4 a6
9.c4 Be7 10.b3 O-O 11.Bb2 Qb6 12.Nc3 Rfd8 13.Qd2 Rac8 14.Rad1 Ne5 15.Qe2 Nfd7
16.Nf5 Bf8 17.Ne3 Qa5 18.f4 Ng6 19.Rf1 Be7 20.Rf3 b5 21.cxb5 Rxc3 22.Qd2 Rdc8
23.Bxc3 Qxc3 24.Qxc3 Rxc3 25.Nd5 Rc8 26.Nxe7+ Nxe7 27.Rxd6 Nf8 28.bxa6 f5
29.a7 Ra8 30.Ra6 fxe4 31.Rc3 Nd5 32.Rc4 Nd7 33.b4 e3 34.a4 g5 35.a5 gxf4
36.b5 Ne5 37.Re4 Nd3 38.Rexe6 Nc5 39.Re8+ Rxe8 40.a8=Q Rxa8 41.Rxa8+ Kf7
42.Rc8 Ne4 43.Kf1 Nd2+ 44.Ke2 Nb3 45.b6 Nd4+ 46.Kd3 e2 47.Rc1 Ne3 48.b7 Nd1
49.b8=Q e1=Q 50.Rc7+ Kf6 51.Qf8+ Ke5 52.Re7+ Ne6 53.Rxe6+  1-0

[Event "Alcobendas op"]
[Site "Alcobendas"]
[Date "1994.??.??"]
[Round "7"]
[White "Arencibia, Walter"]
[Black "Ubilava, Elizbar"]
[Result "0-1"]
[WhiteElo "2480"]
[BlackElo "2525"]

1.e4 c5 2.Nf3 d6 3.Bb5+ Bd7 4.Bxd7+ Qxd7 5.O-O Nf6 6.Re1 Nc6 7.c3 e6 8.d4 cxd4
9.cxd4 d5 10.e5 Ne4 11.Be3 Be7 12.Re2 O-O 13.Ne1 f6 14.f3 Ng5 15.Nd3 fxe5
16.dxe5 Rf5 17.f4 Ne4 18.Nd2 Nxd2 19.Qxd2 d4 20.Bf2 Qd5 21.a3 Na5 22.Rd1 Nb3
23.Qe1 Rc8 24.Bh4 Bxh4 25.Qxh4 a5 26.Qf2 Rf7 27.g3 Rfc7 28.Qg2 Qxg2+ 29.Kxg2 Rc2
30.Re1 h5 31.Kf3 Nd2+ 32.Kf2 Kf7 33.Rc1 Ne4+ 34.Kf3 Rxc1 35.Nxc1 Nxg3 36.hxg3 Rxc1
37.Rd2 Rc4 38.Ke4 a4 39.Rxd4 Rxd4+ 40.Kxd4 g5  0-1

[Event "Alushta3"]
[Site "Alushta"]
[Date "1994.??.??"]
[Round "2"]
[White "Arkhipov, Sergey"]
[Black "Fish, Gannadij"]
[Result "1-0"]
[WhiteElo "2530"]
[BlackElo "2445"]

1.e4 c5 2.Nf3 d6 3.Bb5+ Bd7 4.Bxd7+ Qxd7 5.O-O Nf6 6.e5 dxe5 7.Nxe5 Qc8 8.d4 e6
9.Nc3 Nc6 10.Be3 Be7 11.Nxc6 Qxc6 12.dxc5 Bxc5 13.Bxc5 Qxc5 14.Qf3 Qb6 15.Na4 Qb4
16.b3 O-O 17.c4 b5 18.a3 Qa5 19.Nb2 bxc4 20.Nxc4 Qb5 21.Rfd1 Rab8 22.Rd3 Rfd8
23.Rad1 Rd5 24.h3 h6 25.Qg3 Rbd8 26.Rxd5 Rxd5 27.Rc1 a5 28.Qc3 Ne4 29.Qe3 Nc5
30.Nxa5 Nd3 31.Rc8+ Kh7 32.Qe4+ g6 33.b4 Nxf2 34.Kxf2 Qb6+ 35.Ke2 Qg1 36.Nc4 Rf5
37.Nd2 Qf2+ 38.Kd1 Rd5 39.Rc2 Qf1+ 40.Qe1 Qd3 41.a4 Qd4 42.Rc5 Rd7 43.Rb5 Qa1+
44.Ke2 Qxa4 45.Re5 Qxb4 46.Qc1 Qf4 47.Re3 e5 48.Qc3 Qh2 49.Qc6 Rd4 50.Nf1 Qf4
51.Qf3 Qxf3+ 52.Kxf3 Rf4+ 53.Ke2 f6 54.Ra3 h5 55.Nd2 Rb4 56.Ke3 h4 57.Ra6 Kg7
58.Ra7+ Kh6 59.Rf7 f5 60.Nf3 Rb3+ 61.Kf2 Rb2+ 62.Kg1 Rb1+ 63.Kh2 e4 64.Nxh4 Rb2
65.Nxf5+ gxf5 66.Rxf5 Kg6 67.Rf4 Re2 68.Kg3 Kg5 69.h4+ Kh5 70.Rf5+ Kg6 71.Rf2 Re1
72.Ra2 e3 73.Kf3 Kh5 74.g3 Rf1+ 75.Kg2 Rf5 76.Ra6  1-0

[Event "Alushta3"]
[Site "Alushta"]
[Date "1994.??.??"]
[Round "4"]
[White "Arkhipov, Sergey"]
[Black "Savon, Vladimir A"]
[Result "1/2-1/2"]
[WhiteElo "2530"]
[BlackElo "2435"]

1.e4 c5 2.Nf3 d6 3.Bb5+ Bd7 4.Bxd7+ Qxd7 5.O-O e6 6.c4 Nf6 7.Nc3 Nc6 8.d4 cxd4
9.Nxd4 Be7 10.b3 O-O 11.Be3 Rfd8 12.Rc1 a6 13.Qe2 Rac8 14.Nf3 Qc7 15.Rfd1 Qa5
16.Nd4 Nd7 17.Qd2 Bf6 18.f3 Nxd4 19.Bxd4 b5 20.Bxf6 Nxf6 21.Ne2 Qxd2 22.Rxd2 bxc4
23.Rxc4 Rxc4 24.bxc4 Kf8 25.e5 Ne8 26.Nd4 Rb8 27.exd6 Nxd6 28.Nc6 Nxc4 29.Nxb8 Nxd2
30.Nxa6 Ke7 31.Kf2 Nc4 32.Ke2 Kd6 33.Kd3 Ne5+ 34.Kd4 Ng6 35.Ke3 Nh4 36.g3 Nf5+
37.Ke4 Ne7 38.Nb4 f5+ 39.Kd4 e5+ 40.Kc4 g5 41.a4 h5 42.Na6 f4 43.gxf4 exf4
44.h3 Nc6 45.Kd3 g4 46.fxg4  1/2-1/2

[Event "Alushta3"]
[Site "Alushta"]
[Date "1994.??.??"]
[Round "8"]
[White "Arkhipov, Sergey"]
[Black "Kruppa, Yuri"]
[Result "0-1"]
[WhiteElo "2530"]
[BlackElo "2505"]

1.e4 c5 2.Nf3 d6 3.Bb5+ Nc6 4.O-O Bd7 5.c3 Nf6 6.Re1 a6 7.Ba4 b5 8.Bc2 e5
9.d3 g6 10.Nbd2 Bg7 11.Nf1 h6 12.h3 O-O 13.Be3 Qe7 14.Qd2 Kh7 15.Ng3 Rac8
16.b4 cxb4 17.cxb4 Nxb4 18.Bb3 Nc6 19.a4 bxa4 20.Bxa4 d5 21.Bb6 Nb8 22.Ba5 Bxa4
23.Rxa4 Qd7 24.Qa2 Rfe8 25.d4 Nc6 26.dxe5 Nxe5 27.Nxe5 Rxe5 28.Bb6 Nxe4 29.Nxe4 Rxe4
30.Raxe4 dxe4 31.Qxa6 Qe6 32.Qa7 Qd5 33.Be3 Rc3 34.Rb1 Rd3 35.Qc5 Qd7 36.Qa7 Qf5
37.Qc5 Rd5 38.Qc2 h5 39.Re1 Rd3 40.Qc6 Bf8 41.Bb6 Bb4 42.Rf1 Bd6 43.Bc7 Bb4
44.Bb6 h4 45.Be3 Bd6 46.Qe8 Qd5 47.g3 hxg3 48.fxg3 Rd1 49.Bf4 Bc5+  0-1

[Event "Alushta3"]
[Site "Alushta"]
[Date "1994.??.??"]
[Round "11"]
[White "Zagrebelny, Sergey"]
[Black "Arkhipov, Sergey"]
[Result "1/2-1/2"]
[WhiteElo "2510"]
[BlackElo "2530"]

1.e4 c5 2.Nf3 d6 3.Bb5+ Bd7 4.Bxd7+ Qxd7 5.O-O Nc6 6.c3 Nf6 7.Qe2 e6 8.d4 cxd4
9.cxd4 d5 10.e5 Ne4 11.Be3 Be7 12.Rd1 O-O 13.Ne1 h6  1/2-1/2

[Event "Amsterdam VSB"]
[Site "Amsterdam"]
[Date "1994.??.??"]
[Round "6"]
[White "Timman, Jan H"]
[Black "Ivanchuk, Vassily"]
[Result "1-0"]
[WhiteElo "2620"]
[BlackElo "2710"]

1.e4 c5 2.Nf3 d6 3.Bb5+ Bd7 4.Qe2 Nf6 5.Bxd7+ Qxd7 6.e5 dxe5 7.Nxe5 Qe6 8.Na3 Nfd7
9.Nac4 Nxe5 10.Nxe5 f6 11.Nc4 Qxe2+ 12.Kxe2 Nc6 13.c3 e5 14.a4 Be7 15.d3 O-O-O
16.Be3 b6 17.f3 Rd7 18.g4 Rhd8 19.Rhd1 Bf8 20.h4 Ne7 21.a5 Kb7 22.axb6 axb6
23.Ra3 Nd5 24.Rda1 Be7 25.h5 g6 26.Ra7+ Kc6 27.Rxd7 Rxd7 28.hxg6 hxg6 29.g5 b5
30.gxf6 Bxf6 31.Na5+ Kb6 32.Nb3 Nxe3 33.Kxe3 c4 34.Ra6+ Kxa6 35.Nc5+ Ka5
36.Nxd7 Bg5+ 37.Ke4 Bc1 38.dxc4 Bxb2 39.c5 Bxc3 40.c6 Ka6 41.Kd5 Ba5 42.Nc5+ Ka7
43.Kd6 Kb8 44.Kd7 g5 45.Nd3 b4 46.Nxb4 e4 47.fxe4 g4 48.Na6+ Ka7 49.c7 Bxc7
50.Nxc7 g3 51.Nb5+ Kb6 52.Nd4  1-0

[Event "Andorra op"]
[Site "Andorra"]
[Date "1994.??.??"]
[Round "4"]
[White "Westerinen, Heikki MJ"]
[Black "Marin, Mihail"]
[Result "0-1"]
[WhiteElo "2370"]
[BlackElo "2520"]

1.e4 c5 2.Nf3 d6 3.Bb5+ Nd7 4.d4 Nf6 5.Nc3 cxd4 6.Qxd4 e5 7.Qd3 h6 8.O-O Be7
9.a4 a6 10.Bxd7+ Bxd7 11.Nd2 Qc7 12.Nc4 Rc8 13.Ne3 Be6 14.Bd2 O-O 15.Rfc1 Qc5
16.a5 Rfd8 17.Na4 Qd4 18.Nb6 Rc6 19.Ned5 Bxd5 20.exd5 Rc5 21.Be3 Qxd3 22.cxd3 Rb5
23.Rc7 Bf8 24.Rxb7 Nxd5 25.Ra7 Nb4 26.Bd2 Nxd3 27.Rxa6 d5 28.Na4 Nxb2 29.Nxb2 Rxb2
30.Bc3 Rc2 31.Bxe5 Bc5 32.h3 Bxf2+ 33.Kf1 Re8 34.Bf4 Bd4  0-1